000 00649nam a22002531 4500
001 32154
003 BD-RjUL
005 20211209051808.0
008 140424s1965 nyu b 000 0 eng
035 _a(BD-RjUL)32243
040 _aDLC
_cDLC
_dDLC
_dBD-RjUL
_beng
041 _aeng
082 0 0 _a290
_bSMR 1965
100 1 _aSmith, Huston.
_997863
245 0 4 _aThe religions of man /
_cHuston Smith.
250 _a[1st ed.]
260 _aNew York :
_bHarper,
_cc 1965.
300 _a371 p. ;
_c22 cm.
504 _aIncludes bibliography.
650 0 _aReligions.
_997864
942 _2ddc
_cBK
999 _c32154
_d32154